Normal view
MARC view
- اساليب تدريس- المقررات الدراسية
Entry Topical Term
001 - CONTROL NUMBER
- control field: 47784
003 - CONTROL NUMBER IDENTIFIER
- control field: JO-AjAnu
005 - DATE AND TIME OF LATEST TRANSACTION
- control field: 20230606081903.0
008 - FIXED-LENGTH DATA ELEMENTS
- fixed length control field: 230606|| aca||aabn | a|a d
040 ## - CATALOGING SOURCE
- Original cataloging agency: JO-AjAnu
- Transcribing agency: JO-AjAnu
150 ## - HEADING--TOPICAL TERM
- Topical term or geographic name entry element: اساليب تدريس- المقررات الدراسية
670 ## - SOURCE DATA FOUND
- Source citation: Work cat.: (JO-AjAnu)24451: الخطيب ، محمد، م مشارك سناء الخطيبب , author 47783, التعلم المستند الى مشكلة وتدريس الرياضيات